000 00496nam a2200169Ia 4500
005 20250424120241.0
008 250424s9999 xx 000 0 und d
022 _a11199636
050 _aHF 5601 .I57/
245 0 _aICAN students' journal.
260 _aLagos, Nigeria
260 _bICAN
260 _c2019
300 _av. : ill. ; 30 cm.
650 _aInstitute of Chartered Accountants of Nigeria--Periodicals. Accounting--Periodicals. Accounting--Nigeria--Periodicals.
942 _cSR
999 _c38241
_d38241